| 000 | 00465nam a2200145Ia 4500 | ||
|---|---|---|---|
| 008 | 170725s9999 xx 000 0 und d | ||
| 100 | _aJerry Schoenfeld | ||
| 245 | _aSocial cognitive career theory and the goal of becoming a certified public accountant | ||
| 245 | _cJerry Schoenfeld, Gerry Segal & Dan Borgia | ||
| 260 | _c2017 | ||
| 300 | _apages 109-126, April | ||
| 440 |
_aAccounting Education _v26:2 |
||
| 500 | _aCJ0027 | ||
| 650 | _aAccounting Education | ||
| 999 |
_c340855 _d340855 |
||